[Event "2. liga D 17/18, Eurobit-Namest nad Oslavou"]
[Site ""]
[Date "2017.11.19"]
[Round "3.7"]
[White "Hennig, Thomas"]
[Black "Mrazik, Tomas"]
[WhiteElo "2029"]
[BlackElo "1949"]
[Result "1-0"]

1.d4 Nf6 2.c4 e6 3.Nc3 Bb4 4.e3 Qe7 5.Nf3 d6 6.Qc2 Nbd7 7.Bd2 b6 8.Be2 
Bxc3 9.Bxc3 a5 10.b3 Bb7 11.O-O Ne4 12.Bb2 f5 13.Ne1 O-O 14.f3 Ng5 15.Nd3 
e5 16.dxe5 dxe5 17.Nf2 Ne6 18.Rad1 Rae8 19.Bd3 g6 20.Rfe1 Ng5 21.Be2 Ne6 
22.Qc3 Nec5 23.Rd2 Rf6 24.Red1 Rd6 25.Rxd6 cxd6 26.Qd2 e4 27.f4 Nd3 28.
Bxd3 exd3 29.Qc3 Qxe3 30.Qg7# 1-0

[Event "2. liga D 17/18, Eurobit-Namest nad Oslavou"]
[Site ""]
[Date "2017.11.19"]
[Round "3.8"]
[White "Feldvabl, Vilem"]
[Black "Vesely, Tomas"]
[WhiteElo "1642"]
[BlackElo "2055"]
[Result "1/2-1/2"]

1.d4 e6 2.e4 b6 3.Nc3 Bb7 4.Bd3 Bb4 5.Bd2 f5 6.Qe2 Nf6 7.f3 Nc6 8.Qf2 fxe4
9.Nxe4 Bxd2+ 10.Nxd2 Nb4 11.Qe2 Qe7 12.a3 Nxd3+ 13.Qxd3 Nd5 14.O-O-O Qg5 
15.g4 h5 16.h4 Qf6 17.g5 Qf7 18.Ne2 a5 19.Qb3 a4 20.Qa2 O-O-O 21.Rde1 Ba6 
22.Nc3 Nxc3 23.bxc3 d5 24.Qb2 Rhe8 25.Qb4 Qf4 26.Qxa4 Kb7 27.Re5 Bc4 28.
Kd1 Ra8 29.Qb4 Ra6 30.Rhe1 Rea8 31.Nxc4 dxc4 32.Qxc4 Qxf3+ 33.Kd2 Qf4+ 34.
R5e3 Qxh4 35.g6 Rxa3 36.Qxe6 R8a5 37.Qe4+ Qxe4 38.Rxe4 Rg5 39.Rh1 Rg2+ 40.
Re2 Rxe2+ 41.Kxe2 Rxc3 42.Kd2 Rg3 43.Rxh5 Rxg6 44.c3 Kc6 45.Kd3 Rg3+ 46.
Kc4 Kd6 47.Kb4 c6 48.Kc4 Ke6 49.Re5+ Kf7 50.Rf5+ Kg6 51.Rf8 Re3 52.Rb8 b5+
53.Kb4 Kf5 54.Rf8+ Ke4 55.Rc8 g5 56.Rxc6 g4 57.Rg6 g3 58.Rg5 Kf4 59.Rg8 
Rd3 60.Kxb5 Rxc3 61.d5 Ke5 62.Rg5+ Kf4 63.Rg8 Kf3 64.d6 g2 65.d7 Rd3 66.
Kc6 Kf2 67.Kc7 1/2-1/2

[Event "2. liga D 17/18, Pivovar Dalesice-Zdar nad Sazavou"]
[Site ""]
[Date "2017.11.19"]
[Round "3.1"]
[White "Buchnicek, Petr"]
[Black "Vecera, Pavel"]
[WhiteElo "2329"]
[BlackElo "2138"]
[Result "1/2-1/2"]
[PlyCount "84"]

1. e4 c5 2. Nf3 Nc6 3. c3 d5 4. exd5 Qxd5 5. d4 cxd4 6.
cxd4 e5 7. Nc3 Bb4 8. Bd2 Bxc3 9. Bxc3 e4 10. Ne5 Nxe5 11. dxe5 Ne7 12. Qc2 O-O
13. Rd1 Qxa2 14. Qxe4 Bf5 15. Qc4 Qxc4 16. Bxc4 Rac8 17. Bb3 Be6 18. Bxe6 fxe6
19. Rd7 Nd5 20. Rxb7 Nxc3 21. bxc3 Rxc3 22. O-O Rf7 23. Rb8+ Rf8 24. Rb7 Rf7
25. Rb8+ Rf8 $11 26. Rxf8+ Kxf8 27. Ra1 Rc5 28. f4 a5 29. Kf2 Kf7 30. Kf3 h5
31. h3 Rc3+ 32. Kf2 Rc4 33. Ke3 a4 34. Rb1 Rc3+ 35. Kd4 Rb3 36. Rc1 a3 37. Rc7+
Kg6 38. g4 Rb4+ 39. Ke3 Ra4 40. Rc1 a2 41. Ra1 h4 42. Kf3 Ra3+ $11 1/2-1/2

[Event "2. liga D 17/18, Pivovar Dalesice-Zdar nad Sazavou"]
[Site ""]
[Date "2017.11.19"]
[Round "3.2"]
[White "Hamornik, Jozef"]
[Black "Karasek, Lukas"]
[WhiteElo "2108"]
[BlackElo "2294"]
[Result "1/2-1/2"]
[PlyCount "63"]

1. Nf3 c5 2. g3 b6 3. Bg2 Bb7 4. O-O Nf6 5. c4 g6 6. b3
Bg7 7. Bb2 O-O 8. d3 Nc6 9. Nbd2 e6 10. a3 Qe7 11. Ne5 d5 12. b4 Rac8 13. Nxc6
Bxc6 14. b5 Bb7 15. a4 d4 16. Nf3 e5 17. a5 e4 18. Nh4 Qe6 19. Bh1 g5 20. Ng2
Qh3 21. f3 exf3 22. exf3 Rce8 23. Qd2 h6 24. a6 Ba8 25. Rae1 Rxe1 26. Nxe1 Re8
27. Bg2 Qf5 28. Bc1 Qd7 29. Nc2 Qf5 30. Ne1 Qd7 31. Nc2 Qf5 32. Ne1 1/2-1/2

[Event "2. liga D 17/18, Pivovar Dalesice-Zdar nad Sazavou"]
[Site ""]
[Date "2017.11.19"]
[Round "3.3"]
[White "Sedlacek, Oldrich"]
[Black "Fisar, Josef"]
[WhiteElo "2225"]
[BlackElo "2066"]
[Result "1-0"]
[PlyCount "48"]

1. Nf3 c5 2. g3 Nc6 3. d4 cxd4 4. Nxd4 Nf6 5. Bg2 e5 6.
Nxc6 dxc6 7. Qxd8+ Kxd8 8. Nd2 Bf5 9. e4 Be6 10. Nf3 Nxe4 11. Nxe5 Nd6 12. Bf4
Kc7 13. O-O-O Rd8 14. Rhe1 Kc8 15. a3 Nf5 16. Rxd8+ Kxd8 17. Bh3 g6 18. Bg5+
Kc7 19. Bf4 Kc8 20. Be3 Kb8 21. Bf4 Kc8 22. Nf3 h6 23. Ne5 Rg8 24. Ng4 Nd4 {
time} 1-0

[Event "2. liga D 17/18, Pivovar Dalesice-Zdar nad Sazavou"]
[Site ""]
[Date "2017.11.19"]
[Round "3.4"]
[White "Siebenburger, Vlastimil"]
[Black "Ruzicka, Josef"]
[WhiteElo "2077"]
[BlackElo "2101"]
[Result "0-1"]
[PlyCount "82"]

1. e4 c5 2. Nf3 d6 3. d4 cxd4 4. Nxd4 Nf6 5. Nc3 g6 6. Be2
Bg7 7. Be3 O-O 8. Qd2 Nc6 9. O-O-O Ng4 10. Bxg4 Bxg4 11. f3 Bd7 12. Nxc6 bxc6
13. Bh6 Bh8 14. Bxf8 Kxf8 15. f4 Bg4 16. Rde1 Qa5 17. Re3 Rb8 18. Rhe1 Qb4 19.
b3 Bd4 20. Rd3 c5 21. Nb1 Qb6 22. c3 Bh8 23. Rg3 Bd7 24. f5 c4 25. b4 a5 26.
fxg6 hxg6 27. Rf1 Kg8 28. a3 axb4 29. axb4 Qc6 30. Qf4 Be6 31. Rgf3 Ra8 32. h4
Ra1 33. R1f2 Qa4 34. Qd2 Bg7 35. g4 Bxg4 36. Rxf7 Qb3 37. Qc2 Bh6+ 38. R7f4
Bxf4+ 39. Rxf4 Rxb1+ 40. Qxb1 Qd1+ 41. Kb2 Qd2+ 0-1

[Event "2. liga D 17/18, Pivovar Dalesice-Zdar nad Sazavou"]
[Site ""]
[Date "2017.11.19"]
[Round "3.5"]
[White "Tesar, Jan"]
[Black "Vasut, Karel"]
[WhiteElo "2090"]
[BlackElo "2105"]
[Result "0-1"]
[PlyCount "80"]

1. d4 b5 2. e4 Bb7 3. Bd3 e6 4. Nf3 c5 5. c3 cxd4 6. cxd4
Nf6 7. Qe2 a6 8. Bg5 h6 9. Bxf6 Bb4+ 10. Nbd2 Qxf6 11. O-O Bxd2 12. Qxd2 g5 13.
a4 Qf4 14. axb5 axb5 15. Rxa8 Bxa8 16. Ra1 Qxd2 17. Nxd2 Bc6 18. Ra5 Ke7 19.
Bxb5 Bxb5 20. Rxb5 Nc6 21. d5 Nd4 22. Rb6 Rc8 23. h3 Rc1+ 24. Kh2 Rc2 25. d6+
Kf6 26. Nf1 Rxf2 27. Ne3 h5 28. Nc4 h4 29. Kg1 Rf4 30. e5+ Kg6 31. Ne3 Ne2+ 32.
Kh2 Ng3 33. Ra6 Re4 34. Ng4 Re1 35. Nf2 Rf1 36. b4 Rxf2 37. Ra1 Rb2 38. b5 Rxb5
39. Ra8 Rxe5 40. Rd8 Rd5 0-1

[Event "2. liga D 17/18, Pivovar Dalesice-Zdar nad Sazavou"]
[Site ""]
[Date "2017.11.19"]
[Round "3.6"]
[White "Cely, Jaroslav"]
[Black "Lampir, Tomas"]
[WhiteElo "2015"]
[BlackElo "2063"]
[Result "0-1"]
[PlyCount "43"]

1. e4 e5 2. Nf3 Nc6 3. Bb5 f5 4. Nc3 fxe4 5. Nxe4 Nf6 6.
Qe2 Be7 7. d4 O-O 8. dxe5 Nxe4 9. Qxe4 d5 10. exd6 Bxd6 11. Bxc6 bxc6 12. Bg5
Qd7 13. O-O-O Qf7 14. Qxc6 Be6 15. Rhe1 Bxa2 16. Rd4 Rab8 17. Be3 Qg6 18. Qa4
Be6 19. Ng5 Bc8 20. Qc4+ Kh8 21. Rh4 h6 22. Qa4 Be5 23. c3 Bxc3 24. b3 Bxe1 0-1 0-1

[Event "2. liga D 17/18, Pivovar Dalesice-Zdar nad Sazavou"]
[Site ""]
[Date "2017.11.19"]
[Round "3.8"]
[White "Pavlis, Jaromir"]
[Black "Cieslak, Leszek"]
[WhiteElo "1923"]
[BlackElo "1931"]
[Result "1/2-1/2"]
[PlyCount "25"]

1. Nf3 Nf6 2. d4 g6 3. Bf4 Bg7 4. c3 O-O 5. e3 d6 6. Be2
b6 7. h3 Bb7 8. O-O Nbd7 9. Nbd2 Qe8 10. Bg5 e5 11. dxe5 Nxe5 12. Qc2 Nxf3+ 13.
Bxf3 $11 1/2-1/2

[Event "2. liga D 17/18, Polabiny C-Velke Losiny"]
[Site ""]
[Date "2017.11.19"]
[Round "3.1"]
[White "Hrabusa, Matej"]
[Black "Vaculik, Jakub"]
[WhiteElo "2357"]
[BlackElo "2225"]
[Result "1-0"]
[PlyCount "49"]

1. Nf3 Nf6 2. c4 c6 3. g3 d5 4. Bg2 e6 5. O-O Nbd7 6. d4 Be7 7. b3 b6 8. Qc2
Bb7 9. Nc3 Rc8 10. Rd1 Qc7 11. e4 dxe4 12. Nxe4 Nxe4 13. Qxe4 Nf6 14. Qe5 Qxe5
15. Nxe5 O-O 16. a4 Rfd8 17. a5 Nd7 18. Be3 f6 19. Nd3 Bd6 20. axb6 axb6 21.
Ra7 Ba8 22. Rda1 Nf8 23. b4 Ng6 24. b5 Ne7 25. c5 1-0

[Event "2. liga D 17/18, Polabiny C-Velke Losiny"]
[Site ""]
[Date "2017.11.19"]
[Round "3.2"]
[White "Gnida, Patrik"]
[Black "Jedlicka, Ales"]
[WhiteElo "2162"]
[BlackElo "2198"]
[Result "1/2-1/2"]
[PlyCount "127"]

1. c4 Nf6 2. g3 g6 3. Bg2 Bg7 4. Nc3 O-O 5. Nf3 d6 6. O-O Nc6 7. a3 e5 8. d3 h6
9. Bd2 Be6 10. b4 Qd7 11. b5 Ne7 12. Qc1 Kh7 13. d4 e4 14. d5 Bh3 15. Ne1 Rae8
16. Ra2 Bxg2 17. Nxg2 Nf5 18. Nd1 Ng4 19. Bc3 Ne5 20. Qc2 Ng4 21. Bxg7 Nxg7 22.
Qa4 Nf5 23. Qa5 b6 24. Qc3 Qe7 25. Nde3 Nfxe3 26. Nxe3 Ne5 27. f4 exf3 28. exf3
Qf6 29. Kg2 Re7 30. Re2 Rfe8 31. Nd1 Nd7 32. Rxe7 Qxe7 33. Qd4 Nc5 34. Rf2 Qe1
35. Nc3 Kg8 36. h4 Re3 37. Ne4 Nxe4 38. fxe4 Qc3 39. Qxc3 Rxc3 40. Re2 Rxc4 41.
Kf3 Kg7 42. Ke3 Rc3+ 43. Kd4 Rxa3 44. Rc2 Ra4+ 45. Kd3 Rb4 46. Rxc7 Rxb5 47.
Rxa7 Rb3+ 48. Kd4 Rxg3 49. Rd7 Rg4 50. Rxd6 f5 51. Rd7+ Kf6 52. Rd6+ Kf7 53.
Rd7+ Ke8 54. Rd6 Rxe4+ 55. Kd3 Kf7 56. h5 g5 57. Rxb6 Re1 58. Rb7+ Kf6 59. Rb6+
Kf7 60. Rb7+ Re7 61. Rb6 f4 62. Rxh6 Re3+ 63. Kd4 g4 64. Rg6 1/2-1/2

[Event "2. liga D 17/18, Polabiny C-Velke Losiny"]
[Site ""]
[Date "2017.11.19"]
[Round "3.4"]
[White "Sohr, Vladimir"]
[Black "Bujnoch, Radek"]
[WhiteElo "2130"]
[BlackElo "2217"]
[Result "0-1"]
[PlyCount "116"]

1. e4 c5 2. Nf3 Nc6 3. d4 cxd4 4. Nxd4 Nf6 5. Nc3 e5 6. Ndb5 d6 7. Bg5 a6 8.
Na3 b5 9. Bxf6 gxf6 10. Nd5 f5 11. exf5 Bxf5 12. c3 Bg7 13. Qf3 Be6 14. Rd1 O-O
15. Bd3 f5 16. Bb1 e4 17. Qe2 Ne5 18. O-O Ra7 19. Kh1 Ng6 20. Qe3 Qa8 21. Bc2
Bxd5 22. Rxd5 Be5 23. Bb3 Kh8 24. f3 exf3 25. Rxf3 Rg7 26. Qf2 f4 27. Rd1 Qd8
28. Bd5 Nh4 29. Rh3 Nf5 30. Nc2 Qg5 31. Be4 Nh6 32. Nd4 Ng4 33. Qf3 Rf6 34. Re1
Bxd4 35. cxd4 Re7 36. Rf1 Ne3 37. Rc1 Rf8 38. Rh5 Qg8 39. Bb1 Ng4 40. h3 Ne3
41. Rg1 Qg3 42. Rh6 Qxf3 43. gxf3 Nc4 44. Be4 Nd2 45. Bd5 Nc4 46. Rf6 Rc8 47.
Rxf4 Nxb2 48. Rfg4 Ree8 49. Rg7 Nd3 50. Rd7 Re2 51. Bb3 a5 52. Rg2 Rxg2 53.
Kxg2 a4 54. Bd1 Rc1 55. Be2 Nf4+ 56. Kf2 Rc2 57. Re7 Rxa2 58. Ke1 Rxe2+ 0-1

[Event "2. liga D 17/18, Polabiny C-Velke Losiny"]
[Site ""]
[Date "2017.11.19"]
[Round "3.5"]
[White "Ludvik, Tomas"]
[Black "Strasil, Pavel"]
[WhiteElo "2037"]
[BlackElo "2067"]
[Result "1-0"]
[PlyCount "81"]

1. d4 Nf6 2. c4 g6 3. Nc3 Bg7 4. e4 d6 5. Nf3 O-O 6. Be2 Nbd7 7. O-O e5 8. Be3
exd4 9. Nxd4 Nc5 10. f3 a5 11. Qd2 Re8 12. Rad1 Ne6 13. Ndb5 Bd7 14. Rfe1 b6
15. Bf1 Qc8 16. b3 h5 17. a3 Qb7 18. b4 axb4 19. axb4 Bc6 20. Rb1 Bf8 21. Red1
Rec8 22. Nd5 Nd7 23. Nd4 Nxd4 24. Bxd4 b5 25. Nc3 Nb6 26. cxb5 Bd7 27. Kh1 Be6
28. Qg5 Nd7 29. f4 Bg7 30. Bxg7 Kxg7 31. f5 Ba2 32. Nxa2 Rxa2 33. Bc4 Rf2 34.
fxg6 f6 35. Qh4 Qb6 36. Be6 Rd8 37. Rf1 Rxf1+ 38. Rxf1 Qxb5 39. Rf5 Qxb4 40. h3
Qb1+ 41. Kh2 1-0

[Event "2. liga D 17/18, Polabiny C-Velke Losiny"]
[Site ""]
[Date "2017.11.19"]
[Round "3.6"]
[White "Stratil, Petr"]
[Black "Nehyba, Martin"]
[WhiteElo "2065"]
[BlackElo "2124"]
[Result "0-1"]
[PlyCount "54"]

1. Nf3 f5 2. g3 Nf6 3. Bg2 g6 4. d3 Bg7 5. O-O d6 6. Nbd2 O-O 7. e4 e5 8. exf5
gxf5 9. c3 h6 10. Qe2 c6 11. Nh4 Re8 12. Nc4 f4 13. gxf4 exf4 14. Qf3 b5 15.
Na3 Nd5 16. Ng6 a6 17. c4 Qf6 18. cxd5 Qxg6 19. dxc6 Bg4 20. Qxf4 Bh3 21. Qg3
Qxg3 22. hxg3 Bxg2 23. Kxg2 Nxc6 24. Rb1 Re2 25. Bf4 Bxb2 26. Bxd6 Rd8 27. Kf3
Nd4+ 0-1

[Event "2. liga D 17/18, Polabiny C-Velke Losiny"]
[Site ""]
[Date "2017.11.19"]
[Round "3.7"]
[White "Reznicek, Dominik"]
[Black "Chytil, Petr"]
[WhiteElo "2029"]
[BlackElo "1926"]
[Result "1-0"]
[PlyCount "145"]

1. e4 e6 2. d4 b6 3. Nf3 Bb7 4. Bd3 Ne7 5. O-O d5 6. e5 Nd7 7. Be3 c5 8. c3 Nc6
9. a3 Be7 10. Nbd2 Qc7 11. Qe2 a6 12. h3 h6 13. Nh2 O-O-O 14. Bxa6 f5 15. Bxb7+
Kxb7 16. f3 g5 17. a4 h5 18. a5 Nxa5 19. Rfc1 c4 20. b3 Ra8 21. Rab1 Ra7 22.
Nhf1 cxb3 23. Nxb3 Nc4 24. Nfd2 Ra2 25. Qd3 Rha8 26. Ra1 Rxa1 27. Rxa1 Rxa1+
28. Nxa1 Nxd2 29. Bxd2 Qc4 30. Qxc4 dxc4 31. Nc2 b5 32. Ne3 Nb6 33. Kf2 Kc6 34.
Ke2 f4 35. Nd1 Kd5 36. Nf2 b4 37. cxb4 Kxd4 38. Ne4 Kxe5 39. Bc3+ Kf5 40. b5
Nc8 41. Nd2 g4 42. hxg4+ hxg4 43. Nxc4 gxf3+ 44. gxf3 Bc5 45. Kd3 Ba7 46. Bd4
Bb8 47. b6 Ne7 48. Na5 Bd6 49. b7 Bb8 50. Bc5 Ng6 51. Nc6 Bc7 52. Ba7 Nf8 53.
Bb8 Bb6 54. Bxf4 Nd7 55. Bd6 Bc5 56. Bc7 Bf2 57. b8=Q Nxb8 58. Bxb8 Bc5 59.
Nd4+ Kf6 60. Ke4 Ba3 61. Bg3 Bb2 62. Be5+ Kf7 63. Nxe6 Bc1 64. Nd4 Kg6 65. Bf4
Bb2 66. Be3 Ba1 67. f4 Bb2 68. f5+ Kf7 69. Bg5 Ba1 70. Kd5 Ke8 71. Nc6 Bh8 72.
Ke6 Kf8 73. Bf6 1-0

[Event "2. liga D 17/18, Polabiny C-Velke Losiny"]
[Site ""]
[Date "2017.11.19"]
[Round "3.8"]
[White "Frnka, Rene"]
[Black "Pulpan, Matej"]
[WhiteElo "2174"]
[BlackElo "2143"]
[Result "1-0"]
[PlyCount "25"]

1. Nf3 Nf6 2. c4 g6 3. Nc3 Bg7 4. d4 d6 5. Bf4 O-O 6. e3 Nc6 7. Be2 Ng4 8. h3
Nh6 9. Qd2 e5 10. dxe5 Nxe5 11. e4 Nxf3+ 12. Bxf3 Qh4 13. Bg5 1-0

[Event "2. liga D 17/18, Stefanydes Policka-Lipa"]
[Site ""]
[Date "2017.11.19"]
[Round "3.1"]
[White "Cerveny, Petr"]
[Black "Jirasek, Pavel"]
[WhiteElo "2312"]
[BlackElo "2310"]
[Result "1/2-1/2"]
[PlyCount "149"]

1. e4 c5 2. Nc3 Nc6 3. Bb5 e5 4. Bc4 Bd6 5. Nge2 Nge7 6. d3 a6 7. a4 Nd4 8. O-O
O-O 9. Nxd4 cxd4 10. Ne2 Bc7 11. f4 d5 12. exd5 Nxd5 13. f5 Kh8 14. Ng3 Nf4 15.
Nh5 Bxf5 16. Nxf4 exf4 17. Bxf4 Be6 18. b3 Rc8 19. Bxc7 Qxc7 20. Qf3 Rfe8 21.
Bxe6 fxe6 22. Rf2 h6 23. Raf1 e5 24. Qg4 Qe7 25. Rf7 Qg5 26. Qxg5 hxg5 27. R1f2
e4 28. dxe4 Rxe4 29. h3 d3 30. cxd3 Rb4 31. Rd7 Rxb3 32. Rff7 Rg8 33. Rf5 b5
34. Rxg5 Kh7 35. axb5 Rxb5 36. Rg4 a5 37. Ra7 Kh6 38. Kh2 Rd5 39. d4 g5 40. Re4
Rg6 41. Re8 Rg7 42. Ra6+ Kh7 43. Re4 Rg6 44. Ra7+ Rg7 45. Ra8 Rg8 46. Re7+ Rg7
47. Re5 Rxd4 48. Raxa5 Kh6 49. Ra8 Kh7 50. Ree8 Rd6 51. Rh8+ Kg6 52. Ra5 Rb6
53. Rc5 Ra6 54. Rb8 Rd6 55. Rbb5 Kh6 56. Rc3 Rgd7 57. Rg3 Rd5 58. Rbb3 R7d6 59.
Rg4 Rd4 60. Rxd4 Rxd4 61. Rb6+ Kg7 62. Kg3 Ra4 63. Kf3 Kf7 64. Rd6 Kg7 65. Re6
Rf4+ 66. Ke3 Rf1 67. Ke2 Rf8 68. Re3 Kg6 69. Rf3 Ra8 70. Kf2 Ra6 71. Kg3 Rb6
72. Ra3 Rc6 73. Ra4 Rb6 74. Kg4 Rc6 75. Rb4 1/2-1/2

[Event "2. liga D 17/18, Stefanydes Policka-Lipa"]
[Site ""]
[Date "2017.11.19"]
[Round "3.2"]
[White "Varejcko, Josef"]
[Black "Komarek, David"]
[WhiteElo "2271"]
[BlackElo "2154"]
[Result "1/2-1/2"]
[PlyCount "48"]

1. d4 d5 2. g3 c6 3. Bg2 Bf5 4. Nf3 e6 5. O-O Be7 6. c4 Nd7 7. Nc3 Ngf6 8. Nd2
O-O 9. e4 dxe4 10. Ndxe4 Nxe4 11. Nxe4 Nf6 12. Nc3 Qb6 13. c5 Qa6 14. Re1 Rad8
15. Bf1 Qa5 16. a3 Nd5 17. Qb3 b5 18. Nxd5 Rxd5 19. Be3 Be4 20. a4 bxa4 21.
Qxa4 Qxa4 22. Rxa4 Bf6 23. Rxa7 Bxd4 24. Bxd4 Rxd4 1/2-1/2

[Event "2. liga D 17/18, Stefanydes Policka-Lipa"]
[Site ""]
[Date "2017.11.19"]
[Round "3.3"]
[White "Svanda, Ondrej"]
[Black "Fiedler, Bedrich"]
[WhiteElo "2036"]
[BlackElo "2096"]
[Result "1/2-1/2"]
[PlyCount "57"]

1. c4 c5 2. Nc3 Nc6 3. g3 g6 4. Bg2 Bg7 5. e4 d6 6. Nge2 Nf6 7. O-O O-O 8. Rb1
Ne8 9. a3 a5 10. Nb5 Nc7 11. Nxc7 Qxc7 12. b3 Nd4 13. Nxd4 Bxd4 14. Bb2 Bxb2
15. Rxb2 Rb8 16. a4 b6 17. d4 e5 18. d5 Qe7 19. f4 f6 20. f5 g5 21. h4 Qg7 22.
Qg4 h6 23. hxg5 hxg5 24. Bf3 Bd7 25. Rh2 Kf7 26. Kg2 Rh8 27. Rh5 Ke7 28. Rfh1
Rbg8 29. Rxh8 1/2-1/2

[Event "2. liga D 17/18, Stefanydes Policka-Lipa"]
[Site ""]
[Date "2017.11.19"]
[Round "3.4"]
[White "Sedivy, Martin"]
[Black "Kastner, Oldrich"]
[WhiteElo "2123"]
[BlackElo "2025"]
[Result "1-0"]
[PlyCount "97"]

1. e4 Nf6 2. Nc3 d5 3. exd5 Nxd5 4. Bc4 Nb6 5. Bb3 Nc6 6. d3 g6 7. Be3 Bg7 8.
Nge2 O-O 9. Qd2 Re8 10. Bh6 Bh8 11. h4 Na5 12. h5 Nxb3 13. axb3 Bf5 14. Ra5 e5
15. Ng3 Qd7 16. f3 f6 17. Nxf5 gxf5 18. Be3 c6 19. O-O Nc8 20. f4 b6 21. Ra4
Ne7 22. Qf2 Rf8 23. Qg3+ Kf7 24. Qh3 c5 25. h6 Ke8 26. Qh5+ Kd8 27. Qf3 Rc8 28.
b4 cxb4 29. Rxb4 Qc6 30. Qxc6 Rxc6 31. Ra1 Nc8 32. Rc4 Kd7 33. b4 Rg8 34. Nb5
Rxc4 35. dxc4 Rg6 36. Nxa7 Nd6 37. c5 Nc4 38. Rd1+ Ke6 39. cxb6 Nxe3 40. b7
Rxg2+ 41. Kh1 Rg8 42. Nc8 Nxd1 43. b8=Q Nf2+ 44. Kh2 Ng4+ 45. Kg1 Nxh6+ 46. Kf1
Ng4 47. Qd6+ Kf7 48. Qd7+ Kf8 49. Qe7# 1-0

[Event "2. liga D 17/18, Stefanydes Policka-Lipa"]
[Site ""]
[Date "2017.11.19"]
[Round "3.5"]
[White "Lorenc, Oldrich"]
[Black "Smid, Jaroslav"]
[WhiteElo "2089"]
[BlackElo "1958"]
[Result "1-0"]
[PlyCount "115"]

1. c4 Nf6 2. Nc3 g6 3. g3 Bg7 4. Bg2 c5 5. d3 O-O 6. Be3 d6 7. Qc1 Nc6 8. Bh6
Bxh6 9. Qxh6 Nd4 10. Qd2 Rb8 11. e3 Ne6 12. Nge2 Bd7 13. O-O Qc8 14. Nd5 Nxd5
15. cxd5 Nc7 16. Rfc1 e6 17. dxe6 Nxe6 18. d4 b6 19. Nc3 Nc7 20. b4 Bh3 21.
Bxh3 Qxh3 22. dxc5 dxc5 23. bxc5 Rfd8 24. Qe2 bxc5 25. Ne4 Ne6 26. Nxc5 Ng5 27.
Rc2 Qf5 28. h4 Nf3+ 29. Kg2 Rd2 30. Rxd2 Nxd2 31. Qxd2 Qxc5 32. Rc1 Qe5 33. Rc2
Qe4+ 34. f3 Qe7 35. e4 Rd8 36. Qf4 Kg7 37. Qg5 Qe8 38. Qc5 Rd1 39. Qxa7 Qb5 40.
Qf2 Qb1 41. Rd2 Rc1 42. Qd4+ Kh6 43. a4 Rh1 44. Qf2 Qc1 45. Ra2 g5 46. hxg5+
Kg6 47. f4 h6 48. gxh6 Rxh6 49. Kf3 Rh1 50. Kg4 Rf1 51. f5+ Kh7 52. Qh2+ Kg8
53. Rc2 Qd1+ 54. Qe2 Qa1 55. Rb2 Rh1 56. Qd2 Qxa4 57. Rb8+ Kh7 58. Qd5 1-0

[Event "2. liga D 17/18, Stefanydes Policka-Lipa"]
[Site ""]
[Date "2017.11.19"]
[Round "3.6"]
[White "Kourek, Josef"]
[Black "Houska, Bronislav"]
[WhiteElo "2067"]
[BlackElo "2023"]
[Result "1-0"]
[PlyCount "101"]

1. d4 d6 2. Nf3 g6 3. g3 Bg7 4. Bg2 Nf6 5. O-O O-O 6. c4 c5 7. Nc3 cxd4 8. Nxd4
a6 9. b3 Qc7 10. Bb2 Nc6 11. Rc1 Bd7 12. Nd5 Qd8 13. Nxf6+ Bxf6 14. Nxc6 Bxc6
15. Bxf6 exf6 16. Qd2 Qe7 17. Rfd1 Rfd8 18. Rc3 Rd7 19. Re3 Qf8 20. Rd3 Rad8
21. Bd5 f5 22. Qa5 Bxd5 23. Rxd5 Qe7 24. Qd2 Rc8 25. c5 Qe4 26. Rxd6 Re7 27.
Rd8+ Rxd8 28. Qxd8+ Re8 29. Qd2 Qxe2 30. Qxe2 Rxe2 31. Rd7 Rxa2 32. Rxb7 Rc2
33. b4 a5 34. bxa5 Rxc5 35. a6 Ra5 36. a7 Kg7 37. Kg2 Kf6 38. h4 h6 39. Kf3 g5
40. hxg5+ hxg5 41. Ke3 Ke6 42. Kd4 f4 43. gxf4 gxf4 44. Kc4 f6 45. Kb4 Ra1 46.
Kc5 Kf5 47. f3 Ke6 48. Kc6 Ke5 49. Kc7 Kd4 50. Kb8 Ke3 51. Rb3+ 1-0

[Event "2. liga D 17/18, Stefanydes Policka-Lipa"]
[Site ""]
[Date "2017.11.19"]
[Round "3.7"]
[White "Komarkova, Magdalena"]
[Black "Szucs, Matyas"]
[WhiteElo "2000"]
[BlackElo "2002"]
[Result "0-1"]
[PlyCount "86"]

1. e4 e6 2. d4 d5 3. Nd2 Nf6 4. e5 Nfd7 5. Bd3 c5 6. c3 Nc6 7. Ne2 cxd4 8. cxd4
f6 9. f4 fxe5 10. dxe5 Nc5 11. Bb1 Qb6 12. Nc3 Bd7 13. Qh5+ g6 14. Qe2 O-O-O
15. Nf3 d4 16. Ne4 Nb4 17. Nxc5 Bxc5 18. a3 d3 19. Qd1 d2+ 20. Qxd2 Bb5 21. Qc3
Kb8 22. Bd2 Nd5 23. Qa5 Nxf4 24. Qxb6 Nxg2+ 25. Kd1 Bxb6 26. Be4 Rhf8 27. Kc2
Nf4 28. Bc3 Nd5 29. Ng5 Rf2+ 30. Kb3 Rc8 31. Bxd5 exd5 32. a4 Bc4+ 33. Ka3 d4
34. Bb4 h6 35. b3 Bd5 36. Bd6+ Bc7 37. Rhd1 hxg5 38. Rxd4 Bxd6+ 39. exd6 Be6
40. Re1 Bd7 41. Re7 Rd8 42. Rde4 a6 43. Rg7 Rf6 0-1

[Event "2. liga D 17/18, Stefanydes Policka-Lipa"]
[Site ""]
[Date "2017.11.19"]
[Round "3.8"]
[White "Novak, Ludek"]
[Black "Nespor, Jakub"]
[WhiteElo "1952"]
[BlackElo "1953"]
[Result "1/2-1/2"]
[PlyCount "55"]

1. d4 Nf6 2. c4 g6 3. Nc3 Bg7 4. e4 d6 5. f3 O-O 6. Be3 c5 7. Nge2 Qa5 8. Qd2
Nc6 9. d5 Ne5 10. Nc1 a6 11. Be2 Rb8 12. Nd1 Qxd2+ 13. Bxd2 b5 14. cxb5 axb5
15. a4 bxa4 16. Rxa4 Bd7 17. Ra7 Ra8 18. Rxa8 Rxa8 19. f4 Neg4 20. h3 Nh6 21.
Bf3 Kf8 22. g4 Nhg8 23. Bc3 Ra4 24. b3 Ra3 25. Bb2 Ra7 26. g5 Ne8 27. Bxg7+
Kxg7 28. Bg4 1/2-1/2

[Event "2. liga D 17/18, Snezka Nachod-Hradec Kralove B"]
[Site ""]
[Date "2017.11.19"]
[Round "3.1"]
[White "Mojzis, Jan"]
[Black "Nun, Jiri"]
[WhiteElo "2177"]
[BlackElo "2304"]
[Result "1/2-1/2"]
[PlyCount "32"]

1. e4 c5 2. Nf3 Nc6 3. d4 cxd4 4. Nxd4 Nf6 5. Nc3 e5 6. Ndb5 d6 7. Bg5 a6 8.
Na3 b5 9. Bxf6 gxf6 10. Nd5 Bg7 11. Bd3 Ne7 12. Nxe7 Qxe7 13. O-O O-O 14. c4
bxc4 15. Nxc4 Rb8 16. Qf3 Be6 1/2-1/2

[Event "2. liga D 17/18, Snezka Nachod-Hradec Kralove B"]
[Site ""]
[Date "2017.11.19"]
[Round "3.2"]
[White "Pokorny, Zdenek"]
[Black "Cechura, Petr"]
[WhiteElo "2237"]
[BlackElo "2193"]
[Result "1-0"]
[PlyCount "85"]

1. e4 c5 2. c3 e6 3. d4 d5 4. e5 Nc6 5. Nf3 Nge7 6. Na3 cxd4 7. cxd4 Nf5 8. Nc2
Be7 9. Bd3 O-O 10. g4 Nh6 11. Rg1 Kh8 12. Rg3 Ng8 13. Bxh7 Kxh7 14. Rh3+ Kg6
15. Qd3+ f5 16. exf6+ Kxf6 17. Ng5 Bb4+ 18. Nxb4 Nxb4 19. Qc3 Nc6 20. Rf3+ Ke7
21. Qc5+ Qd6 22. Qxd6+ Kxd6 23. Rxf8 Nxd4 24. Rxg8 Nc2+ 25. Kd1 Nxa1 26. b3 e5
27. Ba3+ Kc6 28. Kc1 Nc2 29. Be7 Ne1 30. Kd2 Ng2 31. Nf3 e4 32. Nd4+ Kc7 33.
Bg5 b6 34. h4 Kd6 35. Nb5+ Kc5 36. Nc7 Rb8 37. Na6+ Bxa6 38. Rxb8 d4 39. h5 Bd3
40. Rb7 a5 41. Rxg7 Bb1 42. h6 Kb4 43. h7 1-0

[Event "2. liga D 17/18, Snezka Nachod-Hradec Kralove B"]
[Site ""]
[Date "2017.11.19"]
[Round "3.4"]
[White "Novak, Radomir"]
[Black "Semerak, Pavel"]
[WhiteElo "2105"]
[BlackElo "2006"]
[Result "1-0"]
[PlyCount "64"]

1. d4 Nf6 2. c4 d6 3. Nf3 Nbd7 4. Nc3 e5 5. d5 g6 6. e4 Bg7 7. Be2 O-O 8. O-O
h6 9. Ne1 Nc5 10. Qc2 a5 11. Be3 Ne8 12. Nd3 b6 13. a3 f5 14. f3 fxe4 15. fxe4
Nf6 16. Nf2 Bd7 17. b4 Nb7 18. Nd3 axb4 19. axb4 Ng4 20. Bxg4 Bxg4 21. c5 Rxf1+
22. Rxf1 bxc5 23. bxc5 Qb8 24. h3 Bc8 25. c6 Nc5 26. Nxc5 dxc5 27. Bxc5 Ra5 28.
Qf2 Kh7 29. Rb1 Qa8 30. Bb4 Ra6 31. Qf7 Qa7+ 32. Kh2 Qe3 1-0

[Event "2. liga D 17/18, Snezka Nachod-Hradec Kralove B"]
[Site ""]
[Date "2017.11.19"]
[Round "3.5"]
[White "Sobotnik, Petr"]
[Black "Solc, Filip"]
[WhiteElo "1918"]
[BlackElo "1999"]
[Result "0-1"]
[PlyCount "61"]

1. c4 Nf6 2. Nc3 g6 3. g3 Bg7 4. Bg2 O-O 5. e4 d6 6. d4 Nbd7 7. Nf3 e5 8. d5
Nh5 9. O-O a5 10. Be3 Nb8 11. h3 Qe8 12. Nh2 f5 13. exf5 gxf5 14. Bf3 Nf6 15.
Bg5 Qg6 16. Bxf6 Bxf6 17. Kh1 e4 18. Bh5 Qg7 19. Rc1 Nd7 20. g4 Bxc3 21. bxc3
f4 22. g5 Nc5 23. h4 Bd7 24. Ng4 f3 25. Qd4 Bxg4 26. Bxg4 Rf4 27. Rg1 Nd3 28.
Rc2 Qd7 29. Qf6 Rxg4 30. g6 Rxg1+ 31. Kxg1 0-1

[Event "2. liga D 17/18, Snezka Nachod-Hradec Kralove B"]
[Site ""]
[Date "2017.11.19"]
[Round "3.6"]
[White "Jezbera, Jiri"]
[Black "Zahalka, Jan"]
[WhiteElo "2100"]
[BlackElo "1931"]
[Result "1-0"]
[PlyCount "55"]

1. e4 c5 2. Nc3 Nc6 3. f4 d6 4. Nf3 g6 5. Bc4 Bg7 6. O-O e6 7. a4 Nge7 8. Ba2
O-O 9. d3 Nd4 10. Ne2 Nec6 11. c3 Nxe2+ 12. Qxe2 a6 13. Bb3 d5 14. e5 b6 15. d4
Bd7 16. Be3 cxd4 17. Nxd4 Nxd4 18. Bxd4 Qc7 19. Qe3 Rab8 20. Bc2 Rfc8 21. Bd3
a5 22. g4 Bf8 23. f5 b5 24. fxg6 hxg6 25. Rxf7 Kxf7 26. Qg5 Be8 27. Bxg6+ Kg8
28. Bf7+ 1-0